Effect of organic fertilizer on the bunching onion at crop station in royal university of agriculture,(ឥទ្ធិពលជីសរីរាង្គលើដំណាំខ្ទឹមស្លឹកមៅស្ថានីយ៍ពិសោធន៍ដំណាំសាកលវិទ្យាល័យភូមិកសិកម្ម). (Record no. 809)

000 -LEADER
fixed length control field 00706nam a22001577a 4500
003 - CONTROL NUMBER IDENTIFIER
control field OSt
005 - DATE AND TIME OF LATEST TRANSACTION
control field 20150919102551.0
008 - FIXED-LENGTH DATA ELEMENTS--GENERAL INFORMATION
fixed length control field 150919b xxu||||| |||| 00| 0 eng d
040 ## - CATALOGING SOURCE
Transcribing agency RUA
082 ## - DEWEY DECIMAL CLASSIFICATION NUMBER
Classification number AGR KHE 2006 BO33 Or.1
100 ## - MAIN ENTRY--PERSONAL NAME
9 (RLIN) 839
Personal name KHEANG SER
245 ## - TITLE STATEMENT
Title Effect of organic fertilizer on the bunching onion at crop station in royal university of agriculture,(ឥទ្ធិពលជីសរីរាង្គលើដំណាំខ្ទឹមស្លឹកមៅស្ថានីយ៍ពិសោធន៍ដំណាំសាកលវិទ្យាល័យភូមិកសិកម្ម).
260 ## - PUBLICATION, DISTRIBUTION, ETC. (IMPRINT)
Place of publication, distribution, etc. phnom phen
Name of publisher, distributor, etc. RUA
Date of publication, distribution, etc. 2006
300 ## - PHYSICAL DESCRIPTION
Extent XIV, 49Pp.
Other physical details ill.
Dimensions 29cm.
942 ## - ADDED ENTRY ELEMENTS (KOHA)
Source of classification or shelving scheme
Koha item type AGR
Holdings
Price effective from Date last seen Permanent Location Not for loan Date acquired Source of classification or shelving scheme Koha item type Lost status Withdrawn status Total Renewals Date last checked out Total Checkouts Shelving location Damaged status Barcode Checked out Current Location Full call number
2015-09-192015-09-19Library Block B 2015-09-19 AGR     B033 RUA002978 Library Block BAGR KHE 2006 BO33 Or.1
2015-09-192024-03-06Library Block B 2015-09-19 AGR  12024-03-0614B033 RUA0029062024-03-25Library Block BAGR KHE 2006 BO33 Or.2
មជ្ឈមណ្ឌលឯការនៃសាកលវិទ្យាល័យភូមិន្ទកសិកម្មចំការដូង

Powered by Koha